| 000 | 00741nam a22002295i 4500 | ||
|---|---|---|---|
| 001 | 176057 | ||
| 003 | ES-MaACL | ||
| 005 | 20230906215957.0 | ||
| 007 | t| | ||
| 008 | 101214s1961 sp a r ||||1| spa d | ||
| 080 | _a621.314 | ||
| 100 | 1 |
_aLagoma, Alfonso. _969591 |
|
| 245 | 1 | 0 |
_aTeoría y práctica de los transformadores / _cpor Alfonso Lagoma. |
| 250 | _a3ª ed. con 214 grabados. | ||
| 260 |
_aBarcelona : _bJuan Bruguer, _c1961. |
||
| 300 |
_a270 p. : _bil. bl. y n. ; _c22 cm. |
||
| 490 | 1 |
_aBiblioteca práctica de electricidad ; _v6 |
|
| 650 | 4 |
_aTransformadores eléctricos. _917625 |
|
| 830 | 0 |
_aBiblioteca práctica de electricidad ; _v6 _9189925 |
|
| 852 |
_aES-MaACL _jE-13793 _xOlim P-252-bis |
||
| 999 |
_c176057 _d176057 |
||